[Event "21st Panam-ch"]
[Site "Mar del Plata ARG"]
[Date "2012.10.13"]
[Round "2.36"]
[White "De Dovitiis, Alejo"]
[Black "Fiori, Alberto Nicolas"]
[Result "1/2-1/2"]
[WhiteElo "2348"]
[BlackElo "2159"]
[EventDate "2012.10.12"]
[PlyCount "198"]

1.Nf3 c5 2.b3 d5 3.e3 Nc6 4.Bb5 Qc7 5.Bb2 a6 6.Bxc6+ Qxc6 7.O-O Nf6 8.d3 
g6 9.c4 dxc4 10.bxc4 Bg7 11.Ne5 Qc7 12.Qa4+ Nd7 13.Nxd7 Bxb2 14.Nb6+ Bd7 
15.Qb3 Bxa1 16.Nxa8 Qd6 17.Nd2 Bg7 18.Ne4 Qc6 19.Nb6 Bf5 20.Ng3 Bxd3 21.
Rd1 Bc2 22.Qxc2 Qxb6 23.Qa4+ Qc6 24.Qxc6+ bxc6 25.Ne4 O-O 26.Nxc5 Rb8 27.
Kf1 Bc3 28.Rc1 Bf6 29.Nb3 Kf8 30.Ke2 Ke8 31.Kd3 h5 32.c5 Be5 33.Kc4 Bc7 
34.Rd1 a5 35.f4 a4 36.Nd4 Rb2 37.Nxc6 Rxa2 38.Kb5 a3 39.Nb4 Rb2 40.Ra1 
Rxg2 41.Kc6 Bd8 42.Rxa3 Rxh2 43.Ra8 Rb2 44.Nd5 e6 45.Nb6 h4 46.Nc4 Rg2 47.
Nd6+ Ke7 48.Ra7+ Kf8 49.Nxf7 Be7 50.Nd6 h3 51.Ra1 Re2 52.Kd7 h2 53.Rh1 Rc2
54.Kxe6 Rxc5 55.Rxh2 Rc6 56.Rh8+ Kg7 57.Kd7 Rc3 58.Re8 Bxd6 59.Kxd6 Kf7 
60.Re5 Rd3+ 61.Kc5 Kf6 62.Kc4 Ra3 63.Kd4 Ra4+ 64.Kd3 Ra3+ 65.Ke4 Ra4+ 66.
Kf3 Ra3 67.Rd5 Rb3 68.Ke4 Rb6 69.Rg5 Rb4+ 70.Kd3 Rb3+ 71.Kd4 Rb4+ 72.Kc3 
Re4 73.Kd3 Ra4 74.Rc5 Ra3+ 75.Kd4 Ra1 76.e4 Rd1+ 77.Ke3 Re1+ 78.Kd3 Rf1 
79.Rc6+ Kf7 80.Ke3 Re1+ 81.Kd4 Ra1 82.Kd5 Ra5+ 83.Rc5 Ra7 84.e5 Rd7+ 85.
Ke4 Rd1 86.Rc7+ Ke6 87.Rg7 Rg1 88.Kf3 Rf1+ 89.Ke3 Rg1 90.Kf2 Rg4 91.Kf3 
Rg1 92.Ra7 Rf1+ 93.Ke3 Rg1 94.Ra6+ Ke7 95.Kf2 Rg4 96.Kf3 Rg1 97.Ra2 Ke6 
98.Rg2 Rxg2 99.Kxg2 g5 1/2-1/2

[Event "21st Panam-ch"]
[Site "Mar del Plata ARG"]
[Date "2012.10.13"]
[Round "2.37"]
[White "Fabian, Gaston"]
[Black "Arango, Andres Mauricio"]
[Result "1-0"]
[WhiteElo "2344"]
[BlackElo "2140"]
[EventDate "2012.10.12"]
[PlyCount "141"]

1.d4 d5 2.c4 c6 3.Nf3 Nf6 4.Nc3 e6 5.Bg5 dxc4 6.e4 b5 7.e5 h6 8.Bh4 g5 9.
Nxg5 hxg5 10.Bxg5 Nbd7 11.g3 Qb6 12.exf6 Bb7 13.Bg2 c5 14.d5 O-O-O 15.O-O 
b4 16.Na4 Qa6 17.a3 Bxd5 18.Bxd5 Ne5 19.axb4 Rxd5 20.Qe2 cxb4 21.Nc3 Qc6 
22.Bf4 Nd3 23.Nxd5 Qxd5 24.Be3 Bc5 25.Ra5 Qe4 26.Rxc5+ Nxc5 27.Rc1 Nd3 28.
Qc2 c3 29.Rd1 Nc5 30.Qxe4 Nxe4 31.f3 Nxf6 32.bxc3 bxc3 33.Bxa7 Nd5 34.Bd4 
Rg8 35.Rc1 Kd7 36.Bxc3 Rb8 37.Be5 Rb3 38.f4 Rd3 39.Ba1 Rd2 40.Bc3 Rd3 41.
Be1 Ke7 42.Ra1 Kf6 43.Bf2 Kg6 44.Ra2 Nc3 45.Rc2 Ne4 46.Kg2 Nxf2 47.Rxf2 
Rb3 48.g4 Ra3 49.Rf3 Ra1 50.Re3 Rb1 51.h4 Rb4 52.Kg3 Rb1 53.h5+ Kh6 54.Kh4
Rh1+ 55.Rh3 Rf1 56.g5+ Kh7 57.Kg4 Rg1+ 58.Kf3 Re1 59.Rh2 Rb1 60.Ke4 Rb4+ 
61.Ke5 Rb5+ 62.Kd6 Rf5 63.Rh4 Kg7 64.Ke7 e5 65.h6+ Kh7 66.fxe5 Rxe5+ 67.
Kf6 Rb5 68.Re4 Kg8 69.Re8+ Kh7 70.Rf8 Rxg5 71.Kxg5 1-0

[Event "21st Panam-ch"]
[Site "Mar del Plata ARG"]
[Date "2012.10.13"]
[Round "2.39"]
[White "Fiora, Emilio"]
[Black "Leiva, Giuseppe"]
[Result "1/2-1/2"]
[WhiteElo "1954"]
[BlackElo "2321"]
[EventDate "2012.10.12"]
[PlyCount "119"]

1.e4 c5 2.Nf3 d6 3.d4 cxd4 4.Nxd4 Nf6 5.Nc3 a6 6.Bc4 e6 7.Bb3 Nbd7 8.O-O 
Nc5 9.Qf3 Qc7 10.Bg5 Be7 11.Rad1 O-O 12.Rfe1 b5 13.Qe2 b4 14.Na4 Ncxe4 15.
Bxf6 Nxf6 16.Nf5 Re8 17.Nxe7+ Rxe7 18.Qd2 Rd7 19.Qxb4 Rb8 20.Qd4 Qa5 21.c4
Rd8 22.Re5 Qc7 23.Rg5 h6 24.Rg3 e5 25.Qh4 Kf8 26.Nc3 Be6 27.Ne4 Nxe4 28.
Qxe4 f5 29.Qe2 a5 30.Rc3 Qc5 31.h3 g6 32.Qd2 Kg7 33.Qc1 Rb7 34.Ba4 g5 35.
Bb5 Bf7 36.a4 e4 37.Qd2 Re7 38.Rg3 Ra7 39.Rxg5+ Bg6 40.Rg3 Qe5 41.Qd4 Qxd4
42.Rxd4 Kf6 43.Rc3 Raa8 44.f3 Rac8 45.g4 Rc5 46.Kf2 Ke5 47.Rd1 fxg4 48.
hxg4 d5 49.fxe4 Rf8+ 50.Ke2 Bxe4 51.Rh3 Rf6 52.Ke3 Kd6 53.Kd4 Rc8 54.cxd5 
Bf3 55.Rf1 Rcf8 56.Rg3 Bxd5 57.Rf5 Be6 58.Rxf6 Rxf6 59.g5 Rg6 60.Rc3 
1/2-1/2

[Event "21st Panam-ch"]
[Site "Mar del Plata ARG"]
[Date "2012.10.13"]
[Round "2.40"]
[White "Abdalla, Luiz Guilherme Aurelli"]
[Black "Bianchi, Augusto"]
[Result "1-0"]
[WhiteElo "2316"]
[BlackElo "1903"]
[EventDate "2012.10.12"]
[PlyCount "83"]

1.d4 Nf6 2.c4 c5 3.d5 b5 4.cxb5 a6 5.bxa6 Bxa6 6.Nc3 d6 7.Nf3 g6 8.g3 Bg7 
9.Bg2 Nfd7 10.O-O Nb6 11.Nd2 N8d7 12.Re1 O-O 13.Qc2 Ra7 14.b3 e5 15.e4 f5 
16.a4 fxe4 17.Ndxe4 Nf6 18.Bg5 Qb8 19.Bxf6 Bxf6 20.Bh3 Bc8 21.Bxc8 Nxc8 
22.Nb5 Raf7 23.Re2 Bd8 24.Qd2 Kg7 25.Kg2 h6 26.Rb1 Rd7 27.Qc3 Qa8 28.Rd1 
Ba5 29.Qb2 g5 30.Nbxd6 Rxd6 31.Nxd6 Nxd6 32.Rxe5 Kg8 33.Qc2 Rf6 34.Qxc5 
Nf7 35.Re2 Bb6 36.Qc3 Qd8 37.b4 g4 38.a5 Bc7 39.Qd4 h5 40.Rde1 Kg7 41.Re4 
Qd7 42.Re7 1-0

[Event "21st Panam-ch"]
[Site "Mar del Plata ARG"]
[Date "2012.10.13"]
[Round "2.42"]
[White "Pichot, Alan"]
[Black "Elias, Roberto"]
[Result "1-0"]
[WhiteElo "2300"]
[BlackElo "1885"]
[EventDate "2012.10.12"]
[PlyCount "49"]

1.e4 c5 2.Nf3 Nc6 3.d4 cxd4 4.Nxd4 e5 5.Nb5 d6 6.c4 Be7 7.N1c3 a6 8.Na3 
Nf6 9.Bd3 O-O 10.O-O Nd7 11.Nc2 Rb8 12.b4 b5 13.cxb5 axb5 14.Nxb5 Ba6 15.
Nxd6 Bxd3 16.Qxd3 Nxb4 17.Nxb4 Rxb4 18.Nf5 Rb6 19.Nxe7+ Qxe7 20.Ba3 Nc5 
21.Qd5 Rc8 22.Rfc1 Rbc6 23.Rab1 Qa7 24.Rxc5 Rxc5 25.Bxc5 1-0

[Event "21st Panam-ch"]
[Site "Mar del Plata ARG"]
[Date "2012.10.13"]
[Round "2.44"]
[White "Cortes Orihuela, Javier"]
[Black "Shabalov, Alexander"]
[Result "0-1"]
[WhiteElo "1948"]
[BlackElo "2570"]
[EventDate "2012.10.12"]
[PlyCount "72"]

1.Nf3 c5 2.g3 g6 3.Bg2 Bg7 4.O-O Nc6 5.d3 d6 6.c4 e5 7.Nc3 Nge7 8.Bg5 f6 
9.Be3 O-O 10.a3 Bg4 11.Rb1 Rc8 12.Ne1 h6 13.b4 b6 14.bxc5 dxc5 15.Nc2 Kh7 
16.Bd2 Qd7 17.Ne3 Bh3 18.Qa4 Bxg2 19.Kxg2 f5 20.Ned5 Rf7 21.f3 Rcf8 22.Qb5
Nc8 23.a4 Nd6 24.Qb2 e4 25.f4 Re8 26.Rfe1 Qb7 27.Qb3 Re6 28.dxe4 Na5 29.
Qa2 Ndxc4 30.Rec1 Rxe4 31.Kf1 Bxc3 32.Nxc3 Rd4 33.Rc2 Qh1+ 34.Kf2 Qxh2+ 
35.Kf3 g5 36.fxg5 Ne5+ 0-1

[Event "21st Panam-ch"]
[Site "Mar del Plata ARG"]
[Date "2012.10.13"]
[Round "2.46"]
[White "Roselli Mailhe, Bernardo"]
[Black "Monteiro, Marcos Paul de Souza"]
[Result "1-0"]
[WhiteElo "2430"]
[BlackElo "2040"]
[EventDate "2012.10.12"]
[PlyCount "49"]

1.d4 d5 2.c4 c6 3.Nf3 Nf6 4.e3 dxc4 5.Bxc4 Bf5 6.Qb3 e6 7.Qxb7 Nbd7 8.Nc3 
Rb8 9.Qxc6 Rb6 10.Qa4 Rb4 11.Qa6 Be7 12.Bb3 Qb8 13.Qe2 O-O 14.O-O e5 15.e4
exd4 16.exf5 dxc3 17.Qxe7 Re8 18.Bxf7+ Kh8 19.Bxe8 Re4 20.Qf7 Rxe8 21.bxc3
Ne5 22.Nxe5 Qxe5 23.h3 h6 24.Be3 Qxc3 25.Rad1 1-0

[Event "21st Panam-ch"]
[Site "Mar del Plata ARG"]
[Date "2012.10.13"]
[Round "2.47"]
[White "Rosito, Jorge"]
[Black "Argote Heredia, Valentina"]
[Result "1-0"]
[WhiteElo "2387"]
[BlackElo "1856"]
[EventDate "2012.10.12"]
[PlyCount "55"]

1.e4 c5 2.Nf3 d6 3.d4 cxd4 4.Nxd4 Nf6 5.Nc3 a6 6.Be3 e6 7.Be2 Nbd7 8.f4 b5
9.Bf3 Bb7 10.e5 Bxf3 11.Qxf3 dxe5 12.Nc6 Qc8 13.fxe5 b4 14.exf6 bxc3 15.
fxg7 Bxg7 16.O-O Rf8 17.bxc3 a5 18.Na7 Ne5 19.Qe4 Rxa7 20.Bxa7 Qxc3 21.
Rad1 Qc7 22.Qa4+ Ke7 23.Qa3+ Ke8 24.Bc5 Rg8 25.Kh1 Qc6 26.Rd6 Qb5 27.Rfd1 
Bf6 28.Rb6 1-0

[Event "21st Panam-ch"]
[Site "Mar del Plata ARG"]
[Date "2012.10.13"]
[Round "2.48"]
[White "Chiari, Arthur Gontijo"]
[Black "Martinez Romero, Martin"]
[Result "0-1"]
[WhiteElo "2098"]
[BlackElo "2368"]
[EventDate "2012.10.12"]
[PlyCount "76"]

1.e4 c5 2.Nf3 d6 3.d4 cxd4 4.Nxd4 Nf6 5.Nc3 a6 6.Qf3 e6 7.g4 Nc6 8.Nxc6 
bxc6 9.g5 Nd7 10.Bf4 Ne5 11.Qg3 Ng6 12.Be3 d5 13.h4 Bd6 14.f4 Qc7 15.Ne2 
dxe4 16.Bg2 e5 17.O-O exf4 18.Nxf4 O-O 19.h5 Nxf4 20.Bxf4 Bxf4 21.Qxf4 
Qxf4 22.Rxf4 Rb8 23.Bxe4 Rxb2 24.a4 Be6 25.Ra3 c5 26.Bd3 Rb4 27.Rf2 a5 28.
Rg2 Rd8 29.g6 hxg6 30.hxg6 fxg6 31.Rxg6 Kf7 32.Rg5 Rd5 33.Rxd5 Bxd5 34.Bb5
Rg4+ 35.Kf1 Re4 36.Kg1 g5 37.Rc3 c4 38.Rg3 g4 {Ilegible} 0-1

[Event "21st Panam-ch"]
[Site "Mar del Plata ARG"]
[Date "2012.10.13"]
[Round "2.49"]
[White "Arias, Juan Cruz"]
[Black "Fulgenzi, Ernesto"]
[Result "1/2-1/2"]
[WhiteElo "1899"]
[BlackElo "2344"]
[EventDate "2012.10.12"]
[PlyCount "35"]

1.e4 g6 2.Nc3 Bg7 3.g3 c5 4.Bg2 Nc6 5.d3 e6 6.Be3 d6 7.Qd2 h6 8.Nge2 Nd4 
9.Rd1 Ne7 10.b4 e5 11.bxc5 dxc5 12.O-O b6 13.f4 exf4 14.Nxf4 O-O 15.Nfd5 
Nxd5 16.Nxd5 h5 17.e5 Bh3 18.Bg5 1/2-1/2

[Event "21st Panam-ch"]
[Site "Mar del Plata ARG"]
[Date "2012.10.13"]
[Round "2.50"]
[White "Hernandez Amura, Gilberto"]
[Black "Reis, Renan do Carmo"]
[Result "1/2-1/2"]
[WhiteElo "1851"]
[BlackElo "2306"]
[EventDate "2012.10.12"]
[PlyCount "149"]

1.e4 e5 2.Nf3 Nc6 3.Bb5 a6 4.Ba4 Nf6 5.d3 b5 6.Bb3 Bc5 7.Nc3 d6 8.Bg5 h6 
9.Bxf6 Qxf6 10.Nd5 Qd8 11.c3 O-O 12.Qd2 Be6 13.O-O Kh8 14.d4 Ba7 15.dxe5 
dxe5 16.h3 f5 17.exf5 Bxf5 18.Rae1 e4 19.Nd4 Bxd4 20.cxd4 Be6 21.Nf4 Bxb3 
22.axb3 Nxd4 23.Qe3 Qd6 24.Ng6+ Qxg6 25.Qxd4 Rae8 26.Re3 Rf6 27.Rfe1 Rd6 
28.Qc3 c6 29.Qc2 Rd3 30.f3 Red8 31.Rxe4 Rxf3 32.Re8+ Rxe8 33.Qxg6 Rxe1+ 
34.Kh2 Rf6 35.Qg4 Ree6 36.h4 Kg8 37.Qd1 Rd6 38.Qe1 Rfe6 39.Qg3 Rd2 40.Qb8+
Kh7 41.Qf4 Rde2 42.Kh3 Rf6 43.Qd4 Rfe6 44.Qf4 R2e4 45.Qf5+ Kg8 46.g3 R4e5 
47.Qd3 Rd5 48.Qf3 h5 49.Qf4 Rde5 50.Qd4 Re3 51.Qd8+ Kh7 52.Qd1 Kg6 53.Qc2+
Kf6 54.Qd1 g6 55.Qd8+ Kf5 56.Qd4 g5 57.Qc5+ R3e5 58.Qf8+ Rf6 59.Qc8+ Ke4 
60.hxg5 Rxg5 61.Qe8+ Kf3 62.Kh4 Rg4+ 63.Kxh5 Rxg3 64.Qd7 Rfg6 65.Qd3+ Kf2 
66.Qd2+ Kf1 67.Qd1+ Kg2 68.Qe2+ Kg1 69.Qe1+ Kh2 70.Qf2+ Kh3 71.Qf1+ Rg2 
72.Qh1+ Rh2 73.Qf3+ Rg3 74.Qf1+ Rhg2 75.Qh1+ 1/2-1/2

[Event "21st Panam-ch"]
[Site "Mar del Plata ARG"]
[Date "2012.10.13"]
[Round "2.51"]
[White "Baquero, Yuri Paola"]
[Black "Teixeira, Ricardo da Silva"]
[Result "0-1"]
[WhiteElo "1780"]
[BlackElo "2276"]
[EventDate "2012.10.12"]
[PlyCount "96"]

1.d4 e6 2.c4 f5 3.g3 Nf6 4.Bg2 Be7 5.Nf3 O-O 6.O-O d6 7.Nc3 Ne4 8.Qc2 Nxc3
9.Qxc3 a5 10.Be3 Bf6 11.Qd2 Nd7 12.Bg5 Qe8 13.Rfe1 h6 14.Bxf6 Nxf6 15.Qc2 
e5 16.d5 b6 17.e3 Qh5 18.h4 g5 19.Qd1 Bd7 20.Rc1 Rae8 21.b3 Re7 22.hxg5 
hxg5 23.Nd2 Ng4 24.Nf1 Rh7 25.f3 Nf6 26.Kf2 e4 27.Nd2 exf3 28.Qxf3 Ne4+ 
29.Ke2 Nxg3+ 30.Kd3 Qxf3 31.Nxf3 Ne4 32.Kc2 Kg7 33.Rh1 Rfh8 34.Rxh7+ Rxh7 
35.Rh1 Rxh1 36.Bxh1 Kf6 37.Nd4 Ng3 38.Bg2 g4 39.Kd2 Ke5 40.Ne2 Nxe2 41.
Kxe2 f4 42.exf4+ Kxf4 43.Kf2 Bf5 44.a3 Bc2 45.b4 axb4 46.axb4 Bd3 47.Bf1 
Bxf1 48.Kxf1 Ke3 0-1

[Event "21st Panam-ch"]
[Site "Mar del Plata ARG"]
[Date "2012.10.13"]
[Round "2.52"]
[White "Barea, Luis"]
[Black "Santopietro, Gerardo"]
[Result "1/2-1/2"]
[WhiteElo "2245"]
[BlackElo "2006"]
[EventDate "2012.10.12"]
[PlyCount "75"]

1.d4 d5 2.c4 e6 3.Nf3 Nf6 4.Nc3 c6 5.Bg5 Nbd7 6.cxd5 exd5 7.e3 Be7 8.Bd3 
Ne4 9.Bxe7 Qxe7 10.Qc2 Ng5 11.Nxg5 Qxg5 12.h4 Qxg2 13.O-O-O Qf3 14.e4 dxe4
15.Nxe4 Qf4+ 16.Kb1 Nf6 17.Ng5 Be6 18.Nxe6 fxe6 19.Qb3 O-O-O 20.Qxe6+ Kb8 
21.Qe5+ Qxe5 22.dxe5 Ng4 23.Bf5 Nxe5 24.Rxd8+ Rxd8 25.Bxh7 Rd2 26.f4 Nc4 
27.b3 Na3+ 28.Ka1 Rf2 29.Rg1 Nb5 30.Rxg7 Nc3 31.Bb1 Rf1 32.Kb2 Nxb1 33.h5 
Rxf4 34.h6 Rh4 35.h7 Nd2 36.Rg8+ Kc7 37.h8=Q Rxh8 38.Rxh8 1/2-1/2

[Event "21st Panam-ch"]
[Site "Mar del Plata ARG"]
[Date "2012.10.13"]
[Round "2.53"]
[White "Rodriguez, Carolina"]
[Black "Rioseco Pinochet, Fernan"]
[Result "0-1"]
[WhiteElo "1776"]
[BlackElo "2236"]
[EventDate "2012.10.12"]
[PlyCount "64"]

1.e4 c5 2.Nf3 d6 3.d4 cxd4 4.Nxd4 Nf6 5.Nc3 Nc6 6.g3 Qb6 7.Nb3 g6 8.Bg2 
Bg7 9.O-O O-O 10.Be3 Qc7 11.Nb5 Qb8 12.h3 Bd7 13.N5d4 Ne5 14.f4 Nc4 15.Bc1
Qc7 16.c3 e5 17.fxe5 dxe5 18.Nc2 Bb5 19.Rf2 a5 20.Nd2 Rad8 21.Qe1 Nh5 22.
Kh2 f5 23.Nxc4 Bxc4 24.exf5 gxf5 25.Bf3 Nxg3 26.Kxg3 e4+ 27.Bf4 Be5 28.Be2
Bxf4+ 29.Rxf4 Kh8 30.Qf2 Bxe2 31.Nd4 Rg8+ 32.Kh2 Qxf4+ 0-1

[Event "21st Panam-ch"]
[Site "Mar del Plata ARG"]
[Date "2012.10.13"]
[Round "2.55"]
[White "Contreras Rodriguez, Henry"]
[Black "Bidigaray, Marcio"]
[Result "1-0"]
[WhiteElo "2220"]
[BlackElo "1715"]
[EventDate "2012.10.12"]
[PlyCount "51"]

1.e4 e5 2.Nf3 Nc6 3.Bc4 Bc5 4.b4 Bxb4 5.c3 Be7 6.Qb3 Na5 7.Bxf7+ Kf8 8.Qa4
d6 9.Bxg8 Rxg8 10.Qxa5 b6 11.Qa4 Bd7 12.Qb3 Qe8 13.d3 Qg6 14.O-O Bg4 15.
Nbd2 Bh3 16.Ne1 Bh4 17.d4 Ke7 18.c4 Rgf8 19.Qxh3 Bf6 20.Nd3 a5 21.f4 exf4 
22.Nf3 Kd8 23.Nxf4 Qxe4 24.Ne6+ Ke7 25.Re1 Bxd4+ 26.Nexd4 1-0

[Event "21st Panam-ch"]
[Site "Mar del Plata ARG"]
[Date "2012.10.13"]
[Round "2.56"]
[White "Pardo Agudelo, Alejandro"]
[Black "Romero Kries, Mario Andres"]
[Result "1-0"]
[WhiteElo "2181"]
[BlackElo "1645"]
[EventDate "2012.10.12"]
[PlyCount "71"]

1.e4 e5 2.Nf3 Nc6 3.Bb5 a6 4.Ba4 b5 5.Bb3 Nf6 6.O-O Be7 7.Re1 d6 8.c3 Na5 
9.Bc2 c5 10.d4 Qc7 11.a4 O-O 12.axb5 c4 13.bxa6 Bxa6 14.d5 Rfb8 15.Nbd2 
Qc5 16.h3 Bd8 17.Nf1 Qb6 18.Ra2 Nd7 19.Be3 Nc5 20.Ng3 Qc7 21.Qe2 Ncb3 22.
Ng5 h6 23.Nf3 Bf6 24.Nh2 Bc8 25.Ng4 Qe7 26.Ra4 Bd7 27.Rb4 Qd8 28.Bxb3 cxb3
29.Nxf6+ Qxf6 30.Bb6 Nb7 31.Bc7 Bc8 32.Bxb8 Rxb8 33.Ra1 Qe7 34.Qc4 Qd7 35.
Ra7 Kh8 36.Qc6 1-0

[Event "21st Panam-ch"]
[Site "Mar del Plata ARG"]
[Date "2012.10.13"]
[Round "2.57"]
[White "Arcos Facio, Mateo"]
[Black "Perez Velazco, Daniela"]
[Result "1-0"]
[WhiteElo "2174"]
[BlackElo "1465"]
[EventDate "2012.10.12"]
[PlyCount "49"]

1.e4 c5 2.Nf3 d6 3.d4 cxd4 4.Nxd4 Nf6 5.Nc3 g6 6.Be3 Bg7 7.f3 Nc6 8.Qd2 
O-O 9.Bc4 Bd7 10.O-O-O Rc8 11.Bb3 Ne5 12.Kb1 Re8 13.h4 h5 14.g4 hxg4 15.h5
Nxh5 16.Rdg1 Nf6 17.Bh6 Bh8 18.f4 Nc6 19.Nde2 Qa5 20.f5 Nxe4 21.Nxe4 Qxd2 
22.fxg6 Qxh6 23.Rxh6 Kg7 24.Rgh1 f5 25.Rh7+ 1-0

[Event "21st Panam-ch"]
[Site "Mar del Plata ARG"]
[Date "2012.10.13"]
[Round "2.58"]
[White "Maggiori, Luciano"]
[Black "Avila, Pedro Andres"]
[Result "1-0"]
[WhiteElo "1700"]
[BlackElo "2145"]
[EventDate "2012.10.12"]
[PlyCount "52"]

1.e4 c5 2.Nc3 d6 3.g3 Nc6 4.Bg2 g6 5.d3 Bg7 6.f4 e6 7.Nf3 Nge7 8.O-O Rb8 
9.Be3 Nd4 10.Rb1 O-O 11.Ne2 Nxf3+ 12.Rxf3 Qa5 13.a3 b5 14.d4 Qc7 15.c3 a5 
16.Qd2 Bd7 17.g4 f5 18.gxf5 exf5 19.e5 Rfd8 20.Qc2 cxd4 21.Qb3+ Kh8 22.
Nxd4 dxe5 23.Ne6 Qc6 24.Nxd8 Rxd8 25.Rd1 Rf8 26.Rf2 e4 {Ilegible} 1-0

[Event "21st Panam-ch"]
[Site "Mar del Plata ARG"]
[Date "2012.10.13"]
[Round "2.59"]
[White "Brizzi, Victor Emmanuel"]
[Black "Della Morte, German"]
[Result "1-0"]
[WhiteElo "1930"]
[BlackElo "2346"]
[EventDate "2012.10.12"]
[PlyCount "123"]

1.e4 c5 2.Nc3 Nc6 3.f4 g6 4.Nf3 Bg7 5.Bb5 Nd4 6.O-O Nxb5 7.Nxb5 Nf6 8.Nc3 
d5 9.d3 O-O 10.Qe2 dxe4 11.dxe4 b6 12.Rd1 Qc7 13.e5 Nh5 14.Nd5 Qb7 15.Ng5 
f6 16.exf6 exf6 17.Ne4 f5 18.Nd6 Qa6 19.c4 Bd7 20.Qf3 Rab8 21.Rd3 b5 22.
Nc7 Qa5 23.Ncxb5 Qe1+ 24.Qf1 Qxf1+ 25.Kxf1 a6 26.Nc3 Bd4 27.Nd5 Ba4 28.Be3
Bxe3 29.Rxe3 Rfd8 30.b3 Rxd6 31.bxa4 Kg7 32.Rae1 Rd7 33.Rb3 Rxb3 34.axb3 
Kf7 35.g3 Ng7 36.Ke2 Ne6 37.Kd3 a5 38.Rb1 Rb7 39.Kc3 h6 40.Rb2 g5 41.Ne3 
Kf6 42.Nd5+ Kg6 43.Rd2 Nd4 44.Rxd4 cxd4+ 45.Kxd4 Rxb3 46.c5 Kf7 47.Ke5 
gxf4 48.gxf4 Rh3 49.c6 Rxh2 50.c7 Rc2 51.Kd6 h5 52.Ne3 Rc1 53.Nxf5 h4 54.
Nxh4 Rd1+ 55.Kc6 Rc1+ 56.Kd7 Rd1+ 57.Kc8 Ra1 58.Nf3 Ke7 59.Ne5 Rb1 60.Nc6+
Ke8 61.Nd8 Rf1 62.Kb8 1-0

[Event "21st Panam-ch"]
[Site "Mar del Plata ARG"]
[Date "2012.10.13"]
[Round "2.60"]
[White "Vasta, Eduardo"]
[Black "Espindola, Juan Carlos"]
[Result "0-1"]
[WhiteElo "2307"]
[BlackElo "1891"]
[EventDate "2012.10.12"]
[PlyCount "152"]

1.e4 d6 2.Nc3 c6 3.f4 Nf6 4.Nf3 Bg4 5.h3 Bxf3 6.Qxf3 e5 7.Bc4 b5 8.Bb3 a5 
9.a4 b4 10.Ne2 Qb6 11.d3 Nbd7 12.Be3 Qc7 13.O-O Nc5 14.Bxc5 dxc5 15.f5 h5 
16.g3 Qd6 17.c3 Rb8 18.Bc4 Be7 19.Rad1 Nd7 20.Kg2 Qh6 21.cxb4 cxb4 22.b3 
Bc5 23.d4 exd4 24.e5 Nxe5 25.Qe4 Qe3 26.Qc2 h4 27.g4 Rd8 28.Bd3 Bd6 29.Nf4
Qg3+ 30.Kh1 O-O 31.Qg2 Qxg2+ 32.Nxg2 Nxd3 33.Rxd3 Bg3 34.Rc1 Rd6 35.Rc5 
Re8 36.Rxa5 Re2 37.Rc5 Rf2 38.Kg1 Rb2 39.Rc1 Ra2 40.Rcd1 Rd5 41.R1d2 Rxd2 
42.Rxd2 Rc5 43.Kf1 Rc3 44.Rxd4 Rc1+ 45.Ke2 Rc2+ 46.Kd3 Rxg2 47.Rxb4 Bh2 
48.a5 Rg3+ 49.Ke2 Bg1 50.Kf1 Be3 51.a6 Rxh3 52.Rb7 Rg3 53.a7 Bxa7 54.Rxa7 
Rxb3 55.Ra4 f6 56.Rc4 Rg3 57.Kf2 Kh7 58.Rxc6 Rxg4 59.Kf3 Rg3+ 60.Kf4 Rg1 
61.Rc3 Rd1 62.Kg4 Rd4+ 63.Kf3 Kh6 64.Rc7 h3 65.Kg3 Rd3+ 66.Kg4 h2 67.Rc8 
Kh7 68.Rc1 Kg8 69.Rh1 Rd2 70.Kg3 Kh7 71.Kg4 Kh6 72.Kf4 Kh5 73.Ra1 g5+ 74.
fxg6 Kxg6 75.Kg4 f5+ 76.Kg3 Kg5 0-1

[Event "21st Panam-ch"]
[Site "Mar del Plata ARG"]
[Date "2012.10.13"]
[Round "2.61"]
[White "Paiva, Pedro Henrique de"]
[Black "Bigoria Escobedo, Raul"]
[Result "1-0"]
[WhiteElo "2289"]
[BlackElo "1868"]
[EventDate "2012.10.12"]
[PlyCount "71"]

1.e4 c5 2.Nf3 Nc6 3.d4 cxd4 4.Nxd4 Nf6 5.Nc3 e6 6.Ndb5 d6 7.Bf4 e5 8.Bg5 
a6 9.Na3 b5 10.Bxf6 gxf6 11.Nd5 f5 12.exf5 Bxf5 13.c3 Bg7 14.Nc2 O-O 15.a4
bxa4 16.Nce3 Be6 17.Qxa4 Ne7 18.Bc4 a5 19.O-O Kh8 20.b4 Nxd5 21.Bxd5 Bxd5 
22.Nxd5 axb4 23.Qxa8 Qxa8 24.Rxa8 Rxa8 25.cxb4 Rb8 26.Rc1 Bf8 27.Rb1 Kg7 
28.b5 Kg6 29.b6 Rb7 30.Ra1 Bg7 31.Ra7 Rb8 32.b7 Bf6 33.Nc7 Bd8 34.Na6 Bb6 
35.Nxb8 Bxa7 36.Nc6 1-0

[Event "21st Panam-ch"]
[Site "Mar del Plata ARG"]
[Date "2012.10.13"]
[Round "2.62"]
[White "Lingua, Alejo"]
[Black "Alvarez, Agustin"]
[Result "1-0"]
[WhiteElo "2232"]
[BlackElo "1863"]
[EventDate "2012.10.12"]
[PlyCount "88"]

1.e4 c5 2.Nf3 e6 3.d3 Nc6 4.g3 g6 5.Bg2 Bg7 6.O-O Nge7 7.c3 d5 8.exd5 exd5
9.Be3 d4 10.cxd4 cxd4 11.Bf4 O-O 12.Na3 Be6 13.Qd2 Re8 14.Ng5 Nd5 15.Nxe6 
Rxe6 16.Bg5 Qd7 17.Bh3 f5 18.Bg2 Rae8 19.Qd1 Kh8 20.Qb3 Ndb4 21.Bd2 Bf8 
22.Rab1 a5 23.Nb5 Re2 24.Bf4 Ne5 25.Bxe5+ R2xe5 26.a4 b6 27.Rbc1 Bc5 28.
Na3 Qe7 29.Nc4 Re6 30.Bf3 Rc8 31.Qd1 Qe8 32.Kg2 Bf8 33.Kg1 Bh6 34.Ra1 Qe7 
35.Bg2 Qc5 36.Qf3 Re7 37.Na3 Nc2 38.Nxc2 Qxc2 39.Qd5 Qxd3 40.Qd6 Rec7 41.
Qd5 Rc2 42.Rad1 Rd2 43.Qd7 Rf8 44.Rxd2 Qxd2 {Ilegible} 1-0

[Event "21st Panam-ch"]
[Site "Mar del Plata ARG"]
[Date "2012.10.13"]
[Round "2.64"]
[White "Fiori, Hector"]
[Black "Villegas, Franco"]
[Result "1-0"]
[WhiteElo "2125"]
[BlackElo "1852"]
[EventDate "2012.10.12"]
[PlyCount "107"]

1.e4 e6 2.d4 d5 3.Nc3 Nf6 4.Bg5 Bb4 5.e5 h6 6.Bd2 Bxc3 7.bxc3 Ne4 8.Qg4 g6
9.Bd3 Nxd2 10.Kxd2 c5 11.h4 Nc6 12.Nf3 Qa5 13.Qf4 cxd4 14.Nxd4 Nxd4 15.
Qxd4 b6 16.h5 g5 17.Rh3 Ba6 18.Rf3 Rc8 19.Rf6 Bxd3 20.cxd3 Ke7 21.a4 Rc7 
22.Ra3 Kf8 23.Rb3 Qc5 24.Qxc5+ Rxc5 25.Rb5 Kg7 26.f4 gxf4 27.Rxf4 Rhc8 28.
Rg4+ Kh7 29.Rxc5 bxc5 30.Kc2 a5 31.Rf4 Kg7 32.g4 Rf8 33.Rf6 Rg8 34.Kd2 Rh8
35.Rf1 Rb8 36.Kc2 Rb7 37.Rf6 Kh7 38.Rf4 Kg7 39.Rf2 Kh7 40.Rg2 Rb8 41.Rf2 
Kg7 42.Rf1 d4 43.Rf4 dxc3 44.Rc4 Rb4 45.Kxc3 f5 46.gxf5 exf5 47.Rxc5 Rxa4 
48.Rc7+ Kg8 49.e6 Ra1 50.Kd2 Kf8 51.d4 Ra2+ 52.Ke3 Ra3+ 53.Kf4 Rd3 54.Ke5 
1-0

[Event "21st Panam-ch"]
[Site "Mar del Plata ARG"]
[Date "2012.10.13"]
[Round "2.65"]
[White "Freitas, Julio Eimard de"]
[Black "Martinez De Negri, Gonzalo"]
[Result "0-1"]
[WhiteElo "1882"]
[BlackElo "2123"]
[EventDate "2012.10.12"]
[PlyCount "58"]

1.d4 Nf6 2.Nf3 g6 3.b3 Bg7 4.Bb2 O-O 5.e3 d5 6.Be2 Ne4 7.Nbd2 c5 8.O-O Nc6
9.h3 Qa5 10.Nxe4 dxe4 11.Nd2 cxd4 12.Bxd4 Nxd4 13.exd4 Bxd4 14.Nxe4 Bxa1 
15.Qxa1 Bf5 16.Bd3 h5 17.Qc1 Bxe4 18.Bxe4 Rab8 19.Qh6 Qe5 20.Bxg6 fxg6 21.
Qxg6+ Qg7 22.Qxh5 e5 23.Re1 Rf6 24.Qd1 Rbf8 25.Re4 Rg6 26.Qd5+ Qf7 27.Qd2 
Rxg2+ 28.Kxg2 Qf3+ 29.Kg1 Qxe4 0-1

[Event "21st Panam-ch"]
[Site "Mar del Plata ARG"]
[Date "2012.10.13"]
[Round "2.66"]
[White "Ferreira, Kleber Victor"]
[Black "Speranza, Mariano"]
[Result "0-1"]
[WhiteElo "2121"]
[BlackElo "1851"]
[EventDate "2012.10.12"]
[PlyCount "66"]

1.e4 e5 2.Nc3 Nf6 3.Bc4 Be7 4.d3 d6 5.f4 Nbd7 6.Nf3 O-O 7.O-O c6 8.Bb3 Qc7
9.Kh1 Nc5 10.Qe1 a5 11.d4 exd4 12.Nxd4 Nxb3 13.axb3 Re8 14.Qg3 Bf8 15.Re1 
Bd7 16.Bd2 b5 17.Qf3 b4 18.Nd1 c5 19.e5 dxe5 20.fxe5 Ng4 21.Nf5 Nxe5 22.
Qf4 Bxf5 23.Qxf5 Ra6 24.Ne3 Rae6 25.Qf2 Bd6 26.Rf1 Ng6 27.h3 Qb7 28.Rxa5 
Nf4 29.Nc4 Nxh3 30.Qf3 Qxf3 31.gxf3 Bb8 32.Rxc5 Re2 33.Rb5 Rh2# 0-1

[Event "21st Panam-ch"]
[Site "Mar del Plata ARG"]
[Date "2012.10.13"]
[Round "2.67"]
[White "Curotto, Nicolas"]
[Black "Restuccia, Francisco"]
[Result "0-1"]
[WhiteElo "1859"]
[BlackElo "2118"]
[EventDate "2012.10.12"]
[PlyCount "133"]

1.e4 c5 2.Nf3 Nf6 3.Nc3 d5 4.exd5 Nxd5 5.Bb5+ Bd7 6.Bxd7+ Qxd7 7.Nxd5 Qxd5
8.O-O Nc6 9.d3 e6 10.Re1 Be7 11.Qe2 Nd4 12.Nxd4 cxd4 13.Qe4 Qxe4 14.Rxe4 
Bf6 15.Bd2 Rc8 16.Rc1 Rc6 17.c3 dxc3 18.bxc3 Kd7 19.Rb4 Kc8 20.d4 Rd8 21.
Rcb1 b6 22.a4 e5 23.Be3 Rxc3 24.dxe5 Bxe5 25.a5 bxa5 26.Rb5 Bc7 27.Bxa7 
Rcd3 28.g3 Rd1+ 29.Kg2 Rxb1 30.Rxb1 Rd6 31.Bc5 Rc6 32.Bd4 f6 33.Kf3 Ra6 
34.Ke4 a4 35.Ra1 a3 36.Ra2 Bd6 37.Kd5 Kd7 38.h4 Ra5+ 39.Kc4 Kc6 40.Bc3 Ra8
41.Bd2 Ra4+ 42.Kb3 Kb5 43.Bc3 Bc5 44.Be1 Rd4 45.Rc2 Rd3+ 46.Ka2 Bd4 47.f4 
Rd1 48.Bc3 Bc5 49.g4 Rf1 50.Bd2 Rf2 51.Kb3 Bb4 52.Bc1 Rxc2 53.Kxc2 Kc4 54.
g5 f5 55.h5 g6 56.h6 Kd4 57.Kb3 Bd6 58.Bd2 Ke4 59.Bc3 Kxf4 60.Bf6 Kg4 61.
Kc2 f4 62.Kd1 Kf5 63.Kc2 f3 64.Bd4 Kxg5 65.Be3+ Bf4 66.Bf2 Kxh6 67.Kb3 0-1